| 000 | 00539nam a22001937a 4500 | ||
|---|---|---|---|
| 003 | OSt | ||
| 005 | 20140310183123.0 | ||
| 008 | 130208t xxu||||| |||| 00| 0 eng d | ||
| 050 |
_aHD31 _b.Sa237 2004 |
||
| 082 |
_aF658.19 _bSa5 2004 |
||
| 245 |
_aOrganization and management / _cSantos, Emmanuel T. |
||
| 260 |
_aMakati : _bInternational Academy of Management & Economics, _c2004 |
||
| 300 |
_aix, 713 p. _c22 cm |
||
| 521 | _acollege students | ||
| 526 | _c1210L-1700L | ||
| 541 | _j1 | ||
| 562 | _e1 | ||
| 942 |
_2lcc _cBK _kFIL |
||
| 999 |
_c18962 _d18962 |
||